The 1975 - Loving Someone Lyrics - Statistics

General Stats
  • This quiz has been taken 40 times
  • The average score is 281 of 417
Answer Stats
Answer % Correct
you
100%
be
95%
be-
95%
I
95%
loving
95%
Loving
95%
someone
95%
a
91%
A
91%
Oh
91%
oh
91%
should
91%
the
91%
an
86%
it
86%
My
86%
them
86%
When
86%
and
82%
And
82%
in
82%
is
82%
It's
82%
its
82%
keep
82%
me
82%
of
82%
Of
82%
selling
82%
sex
82%
but
77%
heart
77%
instead
77%
need
77%
telling
77%
that
77%
That
77%
to
77%
To
77%
up
77%
we
77%
We
77%
anything
73%
better
73%
gonna
73%
Holding
73%
holding
73%
if
73%
If
73%
integrity
73%
isn't
73%
kids
73%
lacking
73%
make
73%
matter
73%
necks
73%
on
73%
On
73%
opposite
73%
quo
73%
status
73%
telly
73%
they
73%
want
73%
Yeah
73%
yeah
73%
all
68%
are
68%
batter
68%
celebrities
68%
Just
68%
just
68%
needs
68%
next?
68%
perplexed
68%
showing
68%
their
68%
think
68%
where
68%
who
68%
human
64%
I'm
64%
like
64%
beside
59%
man
59%
or
59%
We're
59%
we're
59%
were
59%
your
59%
afloat
55%
Besides
55%
boat
55%
Even
55%
intellectual
55%
needed
55%
spectacles
55%
too
55%
wouldn't
55%
can't
50%
cashing
50%
economy
50%
ground
50%
Guy
50%
maybe
50%
nan
50%
never
50%
not
50%
people
50%
resides
50%
safer
50%
see
50%
sentient
50%
shouldn't
50%
simplicity
50%
skeptical
50%
something
50%
trying
50%
whatever
50%
been
45%
car
45%
criminal
45%
exploiting
45%
Greek
45%
have
45%
insecurity
45%
know
45%
minds
45%
progress
45%
remember
45%
shown
45%
slow
45%
cheques
41%
park
41%
telepathy
41%
For
36%
grief
36%
young
36%
am
32%
Disenfranchised
32%
jumpers
32%
praying
32%
purity
32%
They've
32%
With
32%
with
32%
bikes
27%
forever
27%
other
27%
alongside
23%
boys
23%
Debord
23%
Living
23%
about
18%
art
18%
as
18%
at
18%
autumn
18%
cars
18%
certain
18%
Charlatan
18%
falling
18%
how
18%
interface
18%
leaves
18%
schools
18%
She
18%
across
14%
afternoon
14%
artist
14%
between
14%
blazed
14%
cajoles
14%
condition
14%
cultural
14%
did
14%
disconnect
14%
duality
14%
English
14%
from
14%
language
14%
life
14%
light
14%
mid
14%
only
14%
operating
14%
reality
14%
simple
14%
sparse
14%
spires
14%
such
14%
system
14%
touch
14%
treating
14%
true
14%
understand
14%
understanding
14%
within
14%
abandon
9%
cast
9%
city
9%
comfort
9%
divinity
9%
feeble
9%
listless
9%
one
9%
orange
9%
rendered
9%
rolling
9%
roofs
9%
shadow
9%
singular
9%
tested
9%
white
5%
No matching quizzes found
Score Distribution
Percent of People with Each Score
Percentile by Number Answered
Your Score History
You have not taken this quiz